Classement Ballon d'Or 2022 - Statistiques

Statistiques générales
  • Ce quiz a été pris 1 110 fois
  • Le résultat moyen est 17 sur 30
Statistiques - réponses
Rank Club Player % Correct
1. Real Madrid Benzema
97%
6. PSG Mbappe
92%
5. Liverpool Salah
89%
20. Al Nassr Cristiano Ronaldo
85%
3. Manchester City De Bruyne
83%
10. Manchester City Haaland
83%
8. Real Madrid Vinicius
83%
4. FC Barcelone Lewandowski
82%
2. Bayern Mane
82%
21. Tottenham Kane
79%
9. Real Madrid Modric
79%
11. Tottenham Son
73%
7. Real Madrid Courtois
69%
AC Milan Leao
58%
Manchester City Bernardo Silva
54%
16. Liverpool Van Dijk
54%
Manchester City Foden
46%
Leipzig Nkunku
45%
12. Manchester City Mahrez
36%
17. Manchester United Casemiro
35%
25. Bayern Kimmich
35%
AC Milan Maignan
35%
22. Liverpool Alexander-Arnold
34%
Juventus Vlahovic
29%
Liverpool Luis Diaz
28%
Liverpool Darwin Nunez
27%
Real Madrid Rudiger
27%
14. Liverpool Fabinho
22%
13. Dortmund Haller
21%
Bayern Cancelo
20%
Aucun quiz correspondant
Distribution des résultats
% des personnes avec chaque résultat
Percentile par nombre de réponses
Votre historique - résultats
Vous n’avez pas pris ce quiz